000 002760000a22001090004500
090 _aAS
_bSeriadas
245 1 0 _aLeguminosas nuevas de Colombia
041 0 _aEspaƱol
100 1 _aUribe Uribe, Lorenzo
_996776
942 _cARTICULO
773 1 _tCaldasia
_345
_h20
_q405-426
_d1947
_g4
999 _c14954
_d14954